[Event "Rhein Main op 13th"]
[Site "Bad Homburg"]
[Date "2010.06.04"]
[Round "4"]
[White "Isserman, Ryhor"]
[Black "Weick, Bjoern"]
[Result "1-0"]
[WhiteElo "2304"]
[BlackElo "2126"]
[PlyCount "33"]
[EventDate "2010.06.02"]
[EventType "swiss"]
[EventRounds "7"]
[EventCountry "GER"]
[SourceTitle "EXT 2011"]
[Source "ChessBase"]
[SourceDate "2010.11.26"]
[SourceVersion "1"]
[SourceVersionDate "2010.11.26"]
[SourceQuality "1"]

1. e4 e6 2. d4 d5 3. Nc3 Bb4 4. exd5 exd5 5. Bd3 c5 6. dxc5 d4 7. a3 Qa5 8. axb4 Qxa1 9. Nd5 Nc6 10. Nc7+ Kf8 11. Nxa8 Nxb4 12. Bf4 Qa5 13. Bd6+ Ne7 14. Kf1 Nbd5 15. Qe1 Qd8 16. Qe5 Be6 17. Nc7 1-0

[Event "NRW Class2 0506"]
[Site "Germany"]
[Date "2006.01.08"]
[Round "5.4"]
[White "Weick, Bjoern"]
[Black "Romanova, Inna"]
[Result "0-1"]
[WhiteElo "2075"]
[BlackElo "2268"]
[PlyCount "74"]
[EventDate "2005.09.25"]
[EventType "team"]
[EventRounds "9"]
[EventCountry "GER"]
[SourceTitle "EXT 2006"]
[Source "ChessBase"]
[SourceDate "2005.11.24"]
[SourceVersion "1"]
[SourceVersionDate "2005.11.24"]
[SourceQuality "1"]
[WhiteTeam "Elberfeld"]
[BlackTeam "Betzdorf Kirchen"]
[WhiteTeamCountry "GER"]
[BlackTeamCountry "GER"]

1. d4 Nf6 2. Nf3 e6 3. e3 b6 4. Bd3 Bb7 5. 0-0 Be7 6. Nbd2 d5 7. b3 0-0 8. Bb2 c5 9. Ne5 Nc6 10. f4 Nb4 11. Be2 Ne4 12. c3 Nc6 13. Bd3 f6 14. Nxe4 fxe5 15. Ng3 e4 16. Be2 cxd4 17. cxd4 Bd6 18. Bg4 Qe7 19. a3 Ba6 20. Rf2 Rac8 21. b4 Rc7 22. Rc1 Bd3 23. Be2 Bxe2 24. Qxe2 Rfc8 25. Qg4 Nd8 26. Rxc7 Rxc7 27. Nh5 g6 28. Ng3 Nf7 29. Qd1 Qd7 30. Qb3 b5 31. Nf1 Nh6 32. h3 Nf5 33. Qd1 Qc8 34. Qe2 a6 35. Kh2 Rc4 36. Kg1 Qd8 37. Nh2 Be7 0-1